[Event "Glorney Cup"]
[Site "Paisley"]
[Date "2018.07.16"]
[Round "1.1"]
[White "Lutard, Theo"]
[Black "Flynn, Jacob"]
[Result "1-0"]
[WhiteElo "2210"]
[BlackElo "1917"]
[PlyCount "105"]
[EventDate "2018.??.??"]
[WhiteClock "0:10:46"]
[BlackClock "0:00:42"]

1. e4 c5 2. Nf3 e6 3. g3 d5 4. exd5 exd5 5. d4 Nf6 6. Bg2 Be7 7. O-O O-O 8.
dxc5 Bxc5 9. Nc3 h6 10. a3 Nc6 11. b4 Bb6 12. Bb2 Be6 13. Na4 Ne4 14. Nxb6 Qxb6
15. Qd3 Nd6 16. Ne5 Nxe5 17. Bxe5 Nc4 18. Bd4 Qd8 19. Qc3 f6 20. Rad1 Qd7 21.
Rfe1 Kh8 22. Re2 b6 23. Rde1 Rae8 24. h4 Bg8 25. Kh2 Rxe2 26. Rxe2 Re8 27. Bh3
Qd8 28. Rxe8 Qxe8 29. Bxf6 Qf7 30. Bd4 Nd6 31. Bg2 Nb5 32. Qd3 Nxd4 33. Qxd4
Qf5 34. Qd2 Qe5 35. Qe3 Qb2 36. Qd3 Qe5 37. f4 Qh5 38. Bf3 Qf7 39. Kg2 Qe6 40.
Kf2 Qc6 41. f5 a5 42. c3 axb4 43. axb4 Bf7 44. Qd4 Qd6 45. Kg2 Qc6 46. Kg1 Qd6
47. Kg2 Qc6 48. g4 Qd6 49. g5 hxg5 50. hxg5 Qd8 51. Qg4 Be8 52. g6 Qf6 53. Bxd5
1-0

[Event "Glorney Cup"]
[Site "Paisley"]
[Date "2018.07.16"]
[Round "1.2"]
[White "Carroll, Peter"]
[Black "Hingouet, Matthieu"]
[Result "0-1"]
[WhiteElo "1742"]
[BlackElo "2209"]
[PlyCount "100"]
[EventDate "2018.??.??"]
[WhiteClock "0:07:03"]
[BlackClock "0:02:05"]

1. e4 c5 2. d4 cxd4 3. c3 g6 4. Qxd4 Nf6 5. c4 Bg7 6. Nc3 Nc6 7. Qd1 O-O 8. Be3
d6 9. f3 b6 10. Nge2 Bb7 11. Qd2 Ne5 12. Nd4 Rc8 13. b3 Nc6 14. Rd1 Nxd4 15.
Bxd4 Nd7 16. Be2 Nc5 17. O-O a5 18. f4 Qc7 19. Bxg7 Kxg7 20. Bf3 Rcd8 21. Qb2
e5 22. Rd2 Bc6 23. Rfd1 f6 24. Nd5 Bxd5 25. Rxd5 Ne6 26. fxe5 dxe5 27. Bg4 Nd4
28. Re1 Rf7 29. a3 h5 30. Bd1 b5 31. Be2 Rxd5 32. exd5 Qb6 33. Kf1 Nf5 34. Bd3
Ne3+ 35. Rxe3 Qxe3 36. Qe2 Qc1+ 37. Kf2 Qxa3 38. Bc2 Qd6 39. Qd2 bxc4 40. Qxa5
cxb3 41. Bxb3 Rb7 42. Bc4 Qb6+ 43. Qxb6 Rxb6 44. Kf3 Kf8 45. g3 Ke7 46. h4 Rb4
47. Bd3 f5 48. Ba6 Rb3+ 49. Kf2 Kd6 50. Bc4 Rb4 0-1

[Event "Glorney Cup"]
[Site "Paisley"]
[Date "2018.07.16"]
[Round "1.3"]
[White "Weisman, Nathan"]
[Black "Zelenchuk, Daniil"]
[Result "0-1"]
[WhiteElo "2003"]
[BlackElo "1700"]
[PlyCount "104"]
[EventDate "2018.??.??"]

1. e4 c5 2. Nf3 d6 3. Bb5+ Bd7 4. Bxd7+ Nxd7 5. O-O Ngf6 6. Qe2 e6 7. c3 Be7 8.
d4 d5 9. e5 Ne4 10. Be3 c4 11. Ne1 h6 12. f3 Ng5 13. Nd2 g6 14. b3 b5 15. f4
Nh7 16. bxc4 bxc4 17. f5 exf5 18. Bxh6 Bg5 19. Bxg5 Nxg5 20. Qe3 Ne6 21. Nc2
Nb6 22. a4 a5 23. Na3 Qd7 24. Nb5 Nxa4 25. Nd6+ Ke7 26. Rab1 Rab8 27. Rxb8 Rxb8
28. Qh6 Nxc3 29. Qh4+ g5 30. Qh7 Ne2+ 31. Kh1 N2xd4 32. Qxf7+ Kd8 33. Qf6+ Kc7
34. Rc1 Qg7 35. N2xc4 Qxf6 36. Nxa5+ Kd7 37. exf6 Kxd6 38. f7 Rb5 39. h4 Rxa5
40. hxg5 Ra8 41. g6 Ne2 42. g4 f4 43. Rb1 f3 44. Rb6+ Ke7 45. Rb7+ Kf6 46. g5+
Nxg5 47. Rb6+ Kg7 48. f8=Q+ Rxf8 49. Rb7+ Kxg6 50. Rb6+ Kg7 51. Rb7+ Kf6 52.
Rb6+ Ne6 0-1

[Event "Glorney Cup"]
[Site "Paisley"]
[Date "2018.07.16"]
[Round "1.4"]
[White "Nolan, Dermot"]
[Black "Naillou, Thomas"]
[Result "1-0"]
[WhiteElo "1762"]
[BlackElo "2008"]
[PlyCount "67"]
[EventDate "2018.??.??"]
[WhiteClock "0:01:27"]
[BlackClock "0:09:02"]

1. e4 c5 2. Nf3 e6 3. d4 cxd4 4. Nxd4 a6 5. Nc3 Qc7 6. Bd3 b5 7. Be3 Nf6 8. f4
Bb4 9. Bd2 Bxc3 10. bxc3 Bb7 11. Qe2 d5 12. e5 Ne4 13. Bxe4 dxe4 14. O-O Nd7
15. a4 bxa4 16. Rxa4 Nb6 17. Rb4 Bd5 18. Ra1 O-O 19. f5 Nc4 20. Qg4 exf5 21.
Nxf5 Qxe5 22. Bh6 g6 23. Bxf8 Rxf8 24. Nd4 f5 25. Qe2 Rc8 26. Rxa6 Nd6 27. Rab6
Rxc3 28. Qa6 Nc4 29. Qc8+ Kg7 30. Rb7+ Bxb7 31. Rxb7+ Kh6 32. Qf8+ Kg5 33. Qd8+
Kh6 34. Qh4# 1-0

[Event "Glorney Cup"]
[Site "Paisley"]
[Date "2018.07.16"]
[Round "1.5"]
[White "Dreyfus, Jacques"]
[Black "Moran, Darragh"]
[Result "1-0"]
[WhiteElo "1953"]
[BlackElo "1734"]
[PlyCount "63"]
[EventDate "2018.??.??"]

1. e4 e6 2. d3 c5 3. Nf3 Nc6 4. g3 g6 5. Bg2 Bg7 6. c3 Nge7 7. O-O O-O 8. Re1
e5 9. Be3 b6 10. d4 exd4 11. cxd4 d5 12. exd5 Nxd5 13. Bg5 Qd6 14. Nc3 cxd4 15.
Nxd5 Qxd5 16. Ne5 Qxg2+ 17. Kxg2 Nxe5 18. Rxe5 Bb7+ 19. Kg1 Bxe5 20. Qb3 Ba6
21. Re1 Bg7 22. Bd2 Bf6 23. Bb4 Rfc8 24. Qf3 Bg7 25. Bd2 Re8 26. Re7 Rxe7 27.
Qxa8+ Bf8 28. Bb4 Kg7 29. Bxe7 Bxe7 30. Qxa7 d3 31. Qxe7 d2 32. Qd6 1-0

[Event "Glorney Cup"]
[Site "Paisley"]
[Date "2018.07.16"]
[Round "1.6"]
[White "Fowler, Hugo"]
[Black "Onslow, Alfie"]
[Result "0-1"]
[WhiteElo "1778"]
[BlackElo "2006"]
[PlyCount "60"]
[EventDate "2018.??.??"]
[WhiteClock "1:08:37"]
[BlackClock "0:00:32"]

1. e4 c5 2. c3 Nf6 3. e5 Nd5 4. d4 cxd4 5. Nf3 e6 6. Bc4 Nc6 7. O-O d6 8. cxd4
Be7 9. Nc3 Nxc3 10. bxc3 dxe5 11. Nxe5 Nxe5 12. dxe5 Qxd1 13. Rxd1 Bd7 14. Rb1
b6 15. Ba6 Bc6 16. c4 Bc5 17. Bb5 Rc8 18. Bg5 O-O 19. Bxc6 Rxc6 20. Rd7 a5 21.
Rbd1 h6 22. Bc1 Bb4 23. Be3 Bc3 24. f4 Rxc4 25. Rb7 Re4 26. Kf2 Ra4 27. Rxb6
Rxa2+ 28. Kf3 Bb4 29. Rd7 Ra3 30. Ke2 Rxe3+ 0-1

[Event "Glorney Cup"]
[Site "Paisley"]
[Date "2018.07.16"]
[Round "1.7"]
[White "Forster, Matthew"]
[Black "Camp, Imogen A L"]
[Result "1/2-1/2"]
[WhiteElo "1940"]
[BlackElo "1874"]
[PlyCount "116"]
[EventDate "2018.??.??"]
[WhiteClock "0:03:30"]
[BlackClock "0:01:27"]

1. c4 e6 2. g3 d5 3. Bg2 Nf6 4. Nf3 dxc4 5. Qa4+ Nbd7 6. Qxc4 a6 7. d4 b5 8.
Qc2 Bb7 9. O-O c5 10. b3 Qb6 11. e3 Rc8 12. Qb2 Be7 13. Nbd2 O-O 14. a4 cxd4
15. Qxd4 Bc5 16. Qh4 Nd5 17. Bb2 Be7 18. Qd4 Qxd4 19. Nxd4 b4 20. Nc4 Ba8 21.
Rac1 Nc5 22. Bxd5 Bxd5 23. Nb6 Rc7 24. Nxd5 exd5 25. Nf5 Bf6 26. Bxf6 gxf6 27.
Rfd1 Ne6 28. Rxc7 Nxc7 29. Rd4 a5 30. Ne7+ Kg7 31. Nxd5 Nxd5 32. Rxd5 Rc8 33.
Rxa5 Rc3 34. Rb5 Rxb3 35. a5 Ra3 36. Rxb4 Rxa5 37. Rg4+ Kf8 38. Kg2 h5 39. Rd4
Kg7 40. Rd2 Kg6 41. e4 Re5 42. f3 Ra5 43. Rd5 Ra2+ 44. Kh3 Re2 45. Rd6 Kg7 46.
Rd1 Kg6 47. Rd4 Kg7 48. g4 hxg4+ 49. fxg4 Kg6 50. Kg3 Re3+ 51. Kf4 Rh3 52. Rd2
Kg7 53. Rg2 Kh6 54. e5 fxe5+ 55. Kxe5 Kg5 56. Ke4 Rh4 57. Kf3 Rh3+ 58. Ke4 Rh4
1/2-1/2

[Event "Glorney Cup"]
[Site "Paisley"]
[Date "2018.07.16"]
[Round "1.8"]
[White "Evans, James"]
[Black "Harman, George"]
[Result "1/2-1/2"]
[WhiteElo "1559"]
[BlackElo "1515"]
[PlyCount "48"]
[EventDate "2018.??.??"]
[WhiteClock "0:02:55"]
[BlackClock "0:10:03"]

1. e4 c5 2. Nc3 Nc6 3. f4 e6 4. Nf3 Nge7 5. Bb5 a6 6. Bxc6 Nxc6 7. O-O Be7 8.
Qe1 O-O 9. d3 d5 10. exd5 exd5 11. Ne5 Nd4 12. Qf2 Bh4 13. g3 Bf6 14. Be3 Nxc2
15. Bxc5 Nxa1 16. Bxf8 Kxf8 17. Rxa1 d4 18. Ne2 Bf5 19. Nxd4 Bxd3 20. Rd1 Bf5
21. Ne6+ Bxe6 22. Rxd8+ Rxd8 23. Qc2 Kg8 24. Kf2 Rc8 1/2-1/2

[Event "Glorney Cup"]
[Site "Paisley"]
[Date "2018.07.16"]
[Round "1.9"]
[White "Gogna, Avi"]
[Black "Fowler, Hugo"]
[Result "1/2-1/2"]
[WhiteElo "1512"]
[BlackElo "1778"]
[PlyCount "53"]
[EventDate "2018.??.??"]

1. d4 Nf6 2. c4 g6 3. Nf3 Bg7 4. g3 O-O 5. Bg2 c5 6. d5 d6 7. O-O Bf5 8. Nbd2
Qc8 9. Re1 Nbd7 10. e4 Bg4 11. h3 Bxf3 12. Nxf3 Qc7 13. Qe2 Rfe8 14. Rb1 b6 15.
b3 Rad8 16. e5 dxe5 17. Nxe5 Nxe5 18. Qxe5 Qd6 19. Qxd6 exd6 20. Bf4 Rxe1+ 21.
Rxe1 Re8 22. Rxe8+ Nxe8 23. Kf1 Kf8 24. Ke2 Ke7 25. g4 Kd7 26. Be3 Nc7 27. Be4
1/2-1/2

[Event "Glorney Cup"]
[Site "Paisley"]
[Date "2018.07.16"]
[Round "1.10"]
[White "Jaberansari, Daniel"]
[Black "Miller, Max C"]
[Result "0-1"]
[WhiteElo "1440"]
[BlackElo "1498"]
[PlyCount "130"]
[EventDate "2018.??.??"]
[WhiteClock "0:02:52"]
[BlackClock "0:22:50"]

1. e4 c5 2. a3 Nc6 3. b4 b6 4. Nc3 e6 5. Bc4 Nf6 6. d3 cxb4 7. axb4 Bxb4 8. Bd2
O-O 9. Nge2 Bb7 10. O-O d5 11. exd5 exd5 12. Bb3 d4 13. Nb1 Bxd2 14. Nxd2 a6
15. Ng3 Re8 16. Nde4 Na5 17. Ba2 Nxe4 18. Nxe4 Bxe4 19. dxe4 Rc8 20. f3 Nc6 21.
Bb3 a5 22. Qe2 Qe7 23. Qb5 Qb4 24. Qd5 Re7 25. Qf5 Rcc7 26. Ra4 Qd2 27. Rc4 Re5
28. Qxe5 Nxe5 29. Rxc7 Qe3+ 30. Kh1 h6 31. Re7 Qe2 32. Rg1 Nc4 33. Bxc4 Qxc4
34. Rb7 b5 35. Rb1 b4 36. Ra7 Qa2 37. Rf1 Qxc2 38. Rxa5 b3 39. h3 b2 40. Ra8+
Kh7 41. Rb8 d3 42. e5 d2 43. Kh2 d1=Q 44. Rxd1 Qxd1 45. Rxb2 Qd4 46. Re2 Qf4+
47. Kg1 Qc4 48. Re4 Qc5+ 49. Kh2 Qd5 50. Kg3 g6 51. Kh2 Kg7 52. Kg3 Kf8 53. Kh2
Ke7 54. Kg3 Ke6 55. Kh2 g5 56. Kg3 h5 57. Kh2 Qxe4 58. fxe4 Kxe5 59. Kg3 Kxe4
60. Kf2 h4 61. g3 hxg3+ 62. Kxg3 f5 63. Kg2 Ke3 64. Kg3 f4+ 65. Kg2 Ke2 0-1

[Event "Glorney Cup"]
[Site "Paisley"]
[Date "2018.07.16"]
[Round "1.11"]
[White "Hilwerda, Jonas"]
[Black "Abdulla, Murad"]
[Result "1/2-1/2"]
[WhiteElo "2135"]
[BlackElo "2281"]
[PlyCount "85"]
[EventDate "2018.??.??"]
[WhiteClock "0:27:20"]
[BlackClock "0:43:59"]

1. e4 c5 2. Nf3 Nf6 3. Nc3 d5 4. exd5 Nxd5 5. d4 Nxc3 6. bxc3 g6 7. Bc4 Bg7 8.
Ne5 O-O 9. Qf3 e6 10. Be3 cxd4 11. cxd4 f6 12. Nd3 Nc6 13. c3 Na5 14. Bb3 Bd7
15. Nc5 Nxb3 16. axb3 Bc6 17. Qh3 Re8 18. Nxe6 Qb6 19. d5 Qxb3 20. O-O Bd7 21.
Nc5 Bxh3 22. Nxb3 Bf5 23. Nd4 Bd7 24. Rfb1 b6 25. Nb5 Bxb5 26. Rxb5 f5 27. Bd4
Bxd4 28. cxd4 Red8 29. Kf1 Kf7 30. Ke2 Ke7 31. Kd3 Kd6 32. Re1 Re8 33. Ra1 Kc7
34. Rc1+ Kb7 35. d6 Rad8 36. Re5 Rf8 37. Re7+ Ka6 38. Ra1+ Kb5 39. Rexa7 Rxd6
40. Rb1+ Kc6 41. Rc1+ Kb5 42. Rb1+ Kc6 43. Rc1+ 1/2-1/2

[Event "Glorney Cup"]
[Site "Paisley"]
[Date "2018.07.16"]
[Round "1.12"]
[White "Shafi, Declan"]
[Black "Baselmans, Luuk"]
[Result "0-1"]
[WhiteElo "2177"]
[BlackElo "2082"]
[PlyCount "88"]
[EventDate "2018.??.??"]

1. d4 e6 2. c4 Bb4+ 3. Bd2 a5 4. Nf3 b6 5. e4 Bb7 6. Bd3 d6 7. O-O Bxd2 8. Qxd2
Nd7 9. Nc3 e5 10. d5 Ngf6 11. Ne2 Nc5 12. Ng3 h5 13. h4 Nxd3 14. Qxd3 Nd7 15.
Qe3 Nc5 16. Ng5 f6 17. Nh3 Bc8 18. f4 Bxh3 19. gxh3 exf4 20. Rxf4 Qd7 21. Kh2
O-O-O 22. Qf3 Rde8 23. Re1 Qa4 24. Qe2 g5 25. b3 Qb4 26. Rf3 gxh4 27. Nf5 Rxe4
28. Ne7+ Kb7 29. Re3 Rxe3 30. Qxe3 Nd7 31. Nc6 Qa3 32. Re2 Ne5 33. Nd4 Qc5 34.
Rf2 Re8 35. Qd2 Rg8 36. Ne6 Qa3 37. Rxf6 a4 38. Nd4 axb3 39. axb3 Qa1 40. Qf2
Nd3 41. Qe3 Rg3 42. Nc2 Qd1 43. Qd4 Qxc2+ 44. Rf2 Nxf2 0-1

[Event "Glorney Cup"]
[Site "Paisley"]
[Date "2018.07.16"]
[Round "1.13"]
[White "Kouwenhoven, Derk"]
[Black "Volland, Ben"]
[Result "1-0"]
[WhiteElo "1994"]
[BlackElo "1887"]
[PlyCount "82"]
[EventDate "2018.??.??"]
[WhiteClock "0:19:34"]
[BlackClock "0:44:55"]

1. e4 e5 2. Nf3 Nc6 3. Bc4 Nf6 4. d3 Be7 5. c3 d6 6. Bb3 Bg4 7. h3 Bh5 8. Nbd2
Qd7 9. Nf1 h6 10. Ng3 Bg6 11. O-O O-O-O 12. Re1 Nh5 13. d4 Nxg3 14. fxg3 exd4
15. cxd4 f5 16. exf5 Bxf5 17. g4 d5 18. gxf5 Qxf5 19. Be3 Rhf8 20. Bc2 Qf6 21.
Rf1 Qe6 22. Qe2 Rde8 23. Qf2 Bb4 24. Bd2 Qe2 25. Qxe2 Rxe2 26. Bxb4 Nxb4 27.
Ne5 Rxf1+ 28. Rxf1 Rxe5 29. Rf8+ Kd7 30. Ba4+ b5 31. Bxb5+ c6 32. Bxc6+ Nxc6
33. dxe5 Nxe5 34. Ra8 Nc6 35. Rg8 g5 36. Rg6 d4 37. Rxh6 d3 38. Kf2 Ne5 39. Ke3
a5 40. Ra6 Kc7 41. Rxa5 Kb6 1-0

[Event "Glorney Cup"]
[Site "Paisley"]
[Date "2018.07.16"]
[Round "1.14"]
[White "Sanger, Jake M"]
[Black "Reichardt, Robin"]
[Result "1/2-1/2"]
[WhiteElo "1841"]
[BlackElo "1972"]
[PlyCount "90"]
[EventDate "2018.??.??"]
[WhiteClock "0:03:48"]
[BlackClock "0:07:44"]

1. d4 d5 2. Bf4 Nf6 3. e3 c5 4. Nc3 Nc6 5. Nb5 e5 6. dxe5 Qa5+ 7. c3 c4 8. a4
a6 9. Nc7+ Qxc7 10. exf6 Qd8 11. fxg7 Bxg7 12. Nf3 Bf5 13. Be2 Qb6 14. Qc1 Na5
15. Nd2 Qc5 16. O-O O-O 17. Bf3 b5 18. Rd1 b4 19. e4 bxc3 20. bxc3 dxe4 21.
Nxe4 Bxe4 22. Bxe4 Nb3 23. Qb2 Rad8 24. Rxd8 Rxd8 25. Re1 Qa5 26. Qc2 Qxc3 27.
Bxh7+ Kh8 28. Rb1 Qxc2 29. Bxc2 Nd4 30. Bd1 c3 31. Rc1 c2 32. Rxc2 Nxc2 33.
Bxc2 Rd4 34. Be3 Rc4 35. Bd1 Bd4 36. Be2 Rxa4 37. Bxd4+ Rxd4 38. Bxa6 Rd1+ 39.
Bf1 Kg7 40. g3 Kg6 41. Kg2 f6 42. Be2 Rd5 43. Bf3 Rc5 44. Be4+ Kh6 45. Bf3 Kg6
1/2-1/2

[Event "Glorney Cup"]
[Site "Paisley"]
[Date "2018.07.16"]
[Round "1.15"]
[White "Klein, Jorik"]
[Black "Pannwitz, Kai"]
[Result "1/2-1/2"]
[WhiteElo "1875"]
[BlackElo "1779"]
[PlyCount "65"]
[EventDate "2018.??.??"]
[WhiteClock "0:13:11"]
[BlackClock "0:18:13"]

1. d4 Nf6 2. Nf3 e6 3. c4 d5 4. e3 Be7 5. Be2 O-O 6. O-O Nbd7 7. Nc3 c6 8. b3
b6 9. Bb2 Bb7 10. Rc1 dxc4 11. bxc4 c5 12. Na4 Ne4 13. dxc5 Ndxc5 14. Nxc5 Bxc5
15. Qb3 Qe8 16. Rfd1 f6 17. Ba3 e5 18. Nd2 Qe7 19. Bxc5 Qxc5 20. Nxe4 Bxe4 21.
Qb5 Bc6 22. Qxc5 bxc5 23. Rd6 Rfc8 24. Rb1 Kf7 25. Rxc6 Rxc6 26. Bf3 Rac8 27.
Bxc6 Rxc6 28. Rb7+ Kg6 29. Rxa7 Rb6 30. g3 Rb4 31. Rc7 Rxc4 32. a4 Rxa4 33.
Rxc5 1/2-1/2

[Event "Glorney Cup"]
[Site "Paisley"]
[Date "2018.07.16"]
[Round "2.1"]
[White "Flynn, Jacob"]
[Black "Abdulla, Murad"]
[Result "0-1"]
[WhiteElo "1917"]
[BlackElo "2281"]
[PlyCount "100"]
[EventDate "2018.??.??"]
[WhiteClock "0:01:45"]
[BlackClock "0:08:45"]

1. d4 Nf6 2. g3 c5 3. c3 g6 4. Bg2 Bg7 5. Nf3 O-O 6. O-O Qc7 7. a4 d6 8. Na3 a6
9. Re1 e5 10. e4 b6 11. Bg5 Be6 12. Qe2 Ne8 13. Nc2 f6 14. Be3 Bd7 15. b4 cxd4
16. cxd4 Qb7 17. Nd2 b5 18. a5 Nc7 19. dxe5 fxe5 20. Red1 Be6 21. Rab1 Bf6 22.
Bb6 Ne8 23. Na3 Nd7 24. Be3 Be7 25. Nf3 Rc8 26. Ng5 Bxg5 27. Bxg5 Rc3 28. Rd3
Rc6 29. Qd2 Rf7 30. Rc3 Rxc3 31. Qxc3 d5 32. exd5 Bxd5 33. Bxd5 Qxd5 34. Qc8
Qe6 35. Rc1 Nf8 36. Qxe6 Nxe6 37. Be3 Rd7 38. Rc6 Rd6 39. Rc3 N8c7 40. Nc2 Kf7
41. Bc5 Rd1+ 42. Kg2 Rc1 43. Bd6 Nd5 44. Rc6 Nd8 45. Rc5 Ke6 46. Bf8 Rb1 47.
Rc8 Kd7 48. Rc5 Rd1 49. Ne3 Nxe3+ 50. fxe3 Ne6 0-1

[Event "Glorney Cup"]
[Site "Paisley"]
[Date "2018.07.16"]
[Round "2.2"]
[White "Shafi, Declan"]
[Black "Carroll, Peter"]
[Result "1-0"]
[WhiteElo "2177"]
[BlackElo "1742"]
[PlyCount "97"]
[EventDate "2018.??.??"]
[WhiteClock "0:26:31"]
[BlackClock "0:23:30"]

1. d4 Nf6 2. c4 g6 3. Nc3 Bg7 4. e4 d6 5. Nf3 O-O 6. Be2 e5 7. Be3 Nc6 8. d5
Ne7 9. Nd2 Ne8 10. c5 f5 11. f3 f4 12. Bf2 g5 13. cxd6 cxd6 14. Nc4 Ng6 15. b4
Rf7 16. a4 Bf8 17. a5 h5 18. a6 b6 19. b5 Bd7 20. Na3 Nf6 21. Na2 Be8 22. Nb4
Nd7 23. Nc6 Qf6 24. Nc4 Nc5 25. Qc2 Rd7 26. O-O-O Bh6 27. Kb1 Ne7 28. Ka2 h4
29. Rhg1 Ng6 30. g3 Kh7 31. gxh4 gxh4 32. Bf1 Rc7 33. Bh3 Bd7 34. Bxd7 Rxd7 35.
Rg4 Rg8 36. Rdg1 Rdg7 37. Qb1 Kh8 38. Qf1 Kh7 39. Kb2 Kh8 40. Kc2 Kh7 41. Qh3
Kh8 42. Bxh4 Nxh4 43. Rxh4 Kh7 44. Rhg4 Rxg4 45. Rxg4 Rxg4 46. Qxg4 Nxe4 47.
Qd7+ Kg6 48. Ne7+ Kg5 49. Qg4# 1-0

[Event "Glorney Cup"]
[Site "Paisley"]
[Date "2018.07.16"]
[Round "2.3"]
[White "Zelenchuk, Daniil"]
[Black "Volland, Ben"]
[Result "1-0"]
[WhiteElo "1700"]
[BlackElo "1887"]
[PlyCount "57"]
[EventDate "2018.??.??"]

1. c4 f5 2. g3 Nf6 3. Bg2 e6 4. Nc3 Be7 5. d3 O-O 6. e4 Nc6 7. Nge2 a6 8. O-O
Qe8 9. exf5 e5 10. Nd5 Nxd5 11. Bxd5+ Kh8 12. g4 Bc5 13. Be3 Qe7 14. Qc1 Nd4
15. Nxd4 exd4 16. Bg5 Qe2 17. Qd1 Qxb2 18. Qf3 c6 19. Be4 Kg8 20. f6 g6 21. h4
d6 22. h5 gxh5 23. Bxh7+ Kh8 24. Qe4 Be6 25. Qxe6 Rae8 26. Qf5 Rf7 27. Qg6 Ref8
28. Bh6 Rxh7 29. Bg7+ 1-0

[Event "Glorney Cup"]
[Site "Paisley"]
[Date "2018.07.16"]
[Round "2.4"]
[White "Sanger, Jake M"]
[Black "Nolan, Dermot"]
[Result "1/2-1/2"]
[WhiteElo "1841"]
[BlackElo "1762"]
[PlyCount "138"]
[EventDate "2018.??.??"]
[WhiteClock "0:32:33"]
[BlackClock "0:08:46"]

1. d4 Nf6 2. Nf3 g6 3. Nc3 Bg7 4. e4 d6 5. Be3 O-O 6. Qd2 Ng4 7. Bg5 h6 8. Bh4
Nd7 9. h3 Ngf6 10. g4 c5 11. g5 hxg5 12. Bxg5 cxd4 13. Nxd4 Qa5 14. Be2 Nxe4
15. Nxe4 Qxd2+ 16. Nxd2 Bxd4 17. Bxe7 Re8 18. Bxd6 Bxb2 19. Rb1 Bc3 20. Bb4
Bxb4 21. Rxb4 b6 22. f3 Ba6 23. c4 Re3 24. Kf2 Ra3 25. Rb2 Ne5 26. Rc1 Rc8 27.
Rbc2 Kg7 28. Ne4 Rc6 29. Nd2 Bc8 30. h4 Bf5 31. Rb2 Nd3+ 32. Bxd3 Bxd3 33. Rb3
Rxb3 34. axb3 Re6 35. Re1 Rxe1 36. Kxe1 Kf6 37. Kf2 Ke5 38. Ke3 Bc2 39. f4+ Kf5
40. b4 Kg4 41. Nf3 f6 42. Nd4 Ba4 43. c5 bxc5 44. bxc5 Bd7 45. c6 Bc8 46. c7 a5
47. Nb5 a4 48. Na3 Kxh4 49. Nc4 Kg4 50. Na3 Kf5 51. Nc4 Ke6 52. Kf3 Kd7 53.
Nb6+ Kxc7 54. Nxa4 Kd6 55. Nc3 Ke6 56. Kg3 Kf5 57. Nd5 Ke6 58. Ne3 Bb7 59. Nc4
Bd5 60. Ne3 Bb3 61. Ng4 Bd1 62. Ne3 Be2 63. Kf2 Bb5 64. Kg3 f5 65. Nc2 Kd5 66.
Ne1 Ke4 67. Nf3 Ke3 68. Ng5 Be2 69. Nf7 Bc4 1/2-1/2

[Event "Glorney Cup"]
[Site "Paisley"]
[Date "2018.07.16"]
[Round "2.5"]
[White "Moran, Darragh"]
[Black "Pannwitz, Kai"]
[Result "0-1"]
[WhiteElo "1734"]
[BlackElo "1779"]
[PlyCount "72"]
[EventDate "2018.??.??"]

1. d4 Nf6 2. Nf3 g6 3. e3 Bg7 4. Be2 O-O 5. O-O c5 6. b3 Nc6 7. Bb2 Ne4 8. c4
cxd4 9. exd4 d5 10. Nbd2 Bg4 11. Nxe4 dxe4 12. Ne5 Bxe2 13. Qxe2 f5 14. Nxc6
bxc6 15. Rfd1 e6 16. f3 exf3 17. Qxf3 Qb6 18. Qf2 Rad8 19. Rd2 e5 20. Ba3 Rfe8
21. Bc5 Qa5 22. Rad1 Bh6 23. Rd3 e4 24. b4 Qa6 25. Rh3 Bg7 26. d5 Qxc4 27. d6
Rd7 28. Bxa7 f4 29. Qxf4 Rxa7 30. d7 Bd4+ 31. Kh1 Rxd7 32. Rf1 Rf7 33. Qxf7+
Qxf7 34. Rxf7 Kxf7 35. Rxh7+ Kg8 36. Rd7 e3 0-1

[Event "Glorney Cup"]
[Site "Paisley"]
[Date "2018.07.16"]
[Round "2.6"]
[White "Onslow, Alfie"]
[Black "Hilwerda, Jonas"]
[Result "1/2-1/2"]
[WhiteElo "2006"]
[BlackElo "2135"]
[PlyCount "87"]
[EventDate "2018.??.??"]
[WhiteClock "0:01:28"]
[BlackClock "0:17:52"]

1. e4 e5 2. Nf3 Nc6 3. d4 exd4 4. Nxd4 Nf6 5. Nxc6 bxc6 6. e5 Qe7 7. Qe2 Nd5 8.
c4 Ba6 9. Nd2 g6 10. Nf3 Bg7 11. Bg5 Qb4+ 12. Qd2 Qxd2+ 13. Kxd2 Nb6 14. b3 d6
15. Re1 O-O 16. exd6 cxd6 17. Bd3 Rfe8 18. Bf4 Red8 19. Bg5 Rd7 20. Re2 c5 21.
Re7 Rad8 22. Rxd7 Rxd7 23. Ke2 d5 24. Rc1 dxc4 25. Bxc4 Nxc4 26. bxc4 Bd4 27.
Nxd4 Rxd4 28. Be3 Rxc4 29. Rxc4 Bxc4+ 30. Kd2 Bxa2 31. Bxc5 a5 32. Ke3 f6 33.
h4 Kf7 34. g3 Ke6 35. Kd4 Bd5 36. Ba3 Bc6 37. Bc5 Kf5 38. Be7 a4 39. Bd6 g5 40.
hxg5 fxg5 41. f4 Ke6 42. Bc7 g4 43. Kc3 Kf5 44. Bd8 1/2-1/2

[Event "Glorney Cup"]
[Site "Paisley"]
[Date "2018.07.16"]
[Round "2.7"]
[White "Baselmans, Luuk"]
[Black "Forster, Matthew"]
[Result "1-0"]
[WhiteElo "2082"]
[BlackElo "1940"]
[PlyCount "85"]
[EventDate "2018.??.??"]
[WhiteClock "0:09:53"]
[BlackClock "0:44:04"]

1. e4 c5 2. Nf3 g6 3. c3 d5 4. exd5 Qxd5 5. d4 Bg7 6. Na3 cxd4 7. Bc4 Qe4+ 8.
Be3 Nh6 9. Nb5 O-O 10. cxd4 Nc6 11. Nc3 Qf5 12. O-O Qh5 13. h3 Nf5 14. Qd2 Nxe3
15. fxe3 Bh6 16. Qf2 g5 17. d5 Nd8 18. e4 Kh8 19. Nd4 g4 20. Be2 Qg6 21. Bxg4
Bxg4 22. hxg4 e6 23. Qf3 Rg8 24. Rad1 Qxg4 25. Qxg4 Be3+ 26. Kh2 Rxg4 27. Rf3
Bg5 28. g3 a6 29. dxe6 Nxe6 30. Rxf7 Nc5 31. Nf5 h5 32. b4 Ne6 33. Rdd7 Nf8 34.
Rxb7 Bd2 35. Nd5 Bg5 36. e5 Rc8 37. Nf6 Bxf6 38. exf6 Rc2+ 39. Kh3 Ne6 40. Rh7+
Kg8 41. Nh6+ Kf8 42. Rh8+ Rg8 43. Rxg8# 1-0

[Event "Glorney Cup"]
[Site "Paisley"]
[Date "2018.07.16"]
[Round "2.8"]
[White "Harman, George"]
[Black "Kouwenhoven, Derk"]
[Result "0-1"]
[WhiteElo "1515"]
[BlackElo "1994"]
[PlyCount "80"]
[EventDate "2018.??.??"]
[WhiteClock "1:23:46"]
[BlackClock "0:40:09"]

1. e4 e5 2. Nf3 Nc6 3. Bb5 a6 4. Ba4 Nf6 5. Qe2 Be7 6. O-O b5 7. Bb3 O-O 8. c3
d6 9. Rd1 Na5 10. Bc2 c5 11. d4 Qc7 12. Nbd2 cxd4 13. cxd4 Qxc2 14. Re1 Bg4 15.
h3 Bxf3 16. Nxf3 Qxe2 17. Rxe2 Nd7 18. Be3 Nc4 19. Rd1 Nxe3 20. Rxe3 Rac8 21.
Re2 Rc4 22. Red2 Rfc8 23. dxe5 Nxe5 24. Nxe5 dxe5 25. f3 Bc5+ 26. Kh2 Bd4 27.
b3 Rc1 28. Rxc1 Rxc1 29. Kg3 g6 30. Kg4 h5+ 31. Kg3 Kg7 32. Re2 a5 33. Kh4 Rc3
34. Rd2 a4 35. bxa4 bxa4 36. Re2 a3 37. Rd2 Rc1 38. Kg3 Be3 39. Rd3 Bf4+ 40.
Kh4 Kh6 0-1

[Event "Glorney Cup"]
[Site "Paisley"]
[Date "2018.07.16"]
[Round "2.9"]
[White "Reichardt, Robin"]
[Black "Gogna, Avi"]
[Result "1-0"]
[WhiteElo "1972"]
[BlackElo "1512"]
[PlyCount "53"]
[EventDate "2018.??.??"]

1. d4 Nf6 2. Nf3 g6 3. c4 Bg7 4. Nc3 d6 5. e4 O-O 6. Be2 e5 7. O-O Nc6 8. d5
Ne7 9. Ne1 Nd7 10. f3 f5 11. Be3 f4 12. Bf2 g5 13. Rc1 h6 14. Nd3 a6 15. c5
dxc5 16. Nxc5 Nxc5 17. Bxc5 Kh8 18. Qb3 Rg8 19. Rfd1 Qe8 20. d6 cxd6 21. Bxd6
b5 22. a4 Nc6 23. Nd5 Be6 24. Qd3 Bxd5 25. exd5 Nd4 26. Qe4 Rd8 27. Bd3 1-0

[Event "Glorney Cup"]
[Site "Paisley"]
[Date "2018.07.16"]
[Round "2.10"]
[White "Miller, Max C"]
[Black "Klein, Jorik"]
[Result "0-1"]
[WhiteElo "1498"]
[BlackElo "1875"]
[PlyCount "50"]
[EventDate "2018.??.??"]
[WhiteClock "0:49:00"]
[BlackClock "0:27:23"]

1. d4 Nf6 2. Nf3 g6 3. e3 Bg7 4. b3 O-O 5. Bb2 d6 6. Bd3 Nbd7 7. O-O c5 8. c4
Qc7 9. Nbd2 b6 10. Rc1 Nh5 11. Qc2 f5 12. Ng5 Ndf6 13. f4 Ng4 14. Rce1 e5 15.
h3 Nh6 16. fxe5 dxe5 17. d5 Bf6 18. h4 Ng4 19. Qb1 e4 20. Ndf3 Bxg5 21. hxg5
exf3 22. Rxf3 Qh2+ 23. Kf1 Qh1+ 24. Ke2 Qxg2+ 25. Kd1 Qxf3+ 0-1

[Event "Glorney Cup"]
[Site "Paisley"]
[Date "2018.07.16"]
[Round "2.11"]
[White "Lutard, Theo"]
[Black "Fowler, Hugo"]
[Result "1-0"]
[WhiteElo "2210"]
[BlackElo "1778"]
[PlyCount "67"]
[EventDate "2018.??.??"]
[WhiteClock "0:05:57"]
[BlackClock "0:04:22"]

1. e4 e5 2. Nf3 Nc6 3. Bc4 Bc5 4. O-O Nf6 5. d3 a6 6. c3 Ba7 7. Re1 d6 8. Bb3
Bg4 9. Nbd2 Ne7 10. Nf1 Qd7 11. h3 Be6 12. Ng3 h6 13. d4 Ng6 14. Kh2 Qe7 15.
Nf5 Qf8 16. Qc2 O-O-O 17. Be3 Kb8 18. dxe5 Nxe5 19. Bxa7+ Kxa7 20. N3d4 Bxf5
21. Nxf5 g6 22. Ne3 Qe7 23. f4 Nc6 24. Nd5 Qe6 25. Nxc7 Qd7 26. Nd5 Nh5 27.
Rad1 g5 28. Qf2+ Kb8 29. Ba4 g4 30. hxg4 Qxg4 31. Bxc6 Rhg8 32. Ne3 Qg3+ 33.
Qxg3 Rxg3 34. Bd5 1-0